| 000 | 00944nam a2200241 a 4500 | ||
|---|---|---|---|
| 001 | BRCA_5039 | ||
| 005 | 20190320204920.0 | ||
| 008 | 051110s1924----sp-a######---#000-0#spa-# | ||
| 041 | _aspa | ||
| 044 | _asp | ||
| 050 | 4 |
_aND813.G6 _b.Z36 1924 |
|
| 100 | 1 |
_aZapater y Gómez, Francisco _912869 |
|
| 245 | 1 | 0 |
_aColección de cuatrocientas cuarenta y nueve de cuadros, dibujos y aguafuertes de Don Francisco de Goya _bprecedidos de un epistolario del gran pintor y de las noticias biográficas publicadas por Don Francisco Zapater y Gómez en 1860 _cpublicadas por Francisco Zapater y Gómez. |
| 260 |
_aMadrid _bSaturnino Calleja _c1924 |
||
| 300 |
_a481 p. _bil., 449 láminas _c26 cm. |
||
| 500 | _aIncluye índice de ilustraciones | ||
| 500 | _aD123 | ||
| 600 | 1 | 4 |
_aGoya y Lucientes, Francisco José de _d1746-1828 _911075 |
| 650 | 1 | 4 |
_aPinturas españolas _97789 |
| 650 | 1 | 4 |
_aPintores españoles _97620 |
| 902 | _aGFM | ||
| 942 |
_2lcc _cB |
||
| 999 |
_c4733 _d4733 |
||